000 00588cam a2200217 4500500
005 20260329001255.0
041 _afre
042 _adc
100 1 0 _aLe Breton, Marine
_eauthor
245 0 0 _aCare management
260 _c2023.
500 _a30
690 _aBurn-out
690 _aManagement
690 _aSanté
690 _aSouffrance au travail
690 _aTravail
690 _aVie pro / vie perso
786 0 _nPhilonomist | - | 7 | 2023-06-21 | p. 19-21
856 4 1 _uhttps://shs.cairn.info/magazine-philonomist-2023-7-page-19?lang=fr&redirect-ssocas=7080
999 _c1803766
_d1803766